|
|
|
|
| LEADER |
03624nam a22005775i 4500 |
| 001 |
978-3-642-00985-3 |
| 003 |
DE-He213 |
| 005 |
20170124025750.0 |
| 007 |
cr nn 008mamaa |
| 008 |
100301s2009 gw | s |||| 0|eng d |
| 020 |
|
|
|a 9783642009853
|9 978-3-642-00985-3
|
| 024 |
7 |
|
|a 10.1007/978-3-642-00985-3
|2 doi
|
| 040 |
|
|
|d GrThAP
|
| 050 |
|
4 |
|a QA76.6-76.66
|
| 072 |
|
7 |
|a UM
|2 bicssc
|
| 072 |
|
7 |
|a COM051000
|2 bisacsh
|
| 082 |
0 |
4 |
|a 005.11
|2 23
|
| 245 |
1 |
0 |
|a Future Internet – FIS 2008
|h [electronic resource] :
|b First Future Internet Symposium, FIS 2008 Vienna, Austria, September 29-30, 2008 Revised Selected Papers /
|c edited by John Domingue, Dieter Fensel, Paolo Traverso.
|
| 264 |
|
1 |
|a Berlin, Heidelberg :
|b Springer Berlin Heidelberg :
|b Imprint: Springer,
|c 2009.
|
| 300 |
|
|
|a X, 185 p.
|b online resource.
|
| 336 |
|
|
|a text
|b txt
|2 rdacontent
|
| 337 |
|
|
|a computer
|b c
|2 rdamedia
|
| 338 |
|
|
|a online resource
|b cr
|2 rdacarrier
|
| 347 |
|
|
|a text file
|b PDF
|2 rda
|
| 490 |
1 |
|
|a Lecture Notes in Computer Science,
|x 0302-9743 ;
|v 5468
|
| 505 |
0 |
|
|a The Nature of Our Digital Universe -- The Internet of Things in an Enterprise Context -- Security-By-Contract for the Future Internet -- e-Services in a Networked World: From Semantics to Pragmatics -- Hierarchical Modelling and an Approximate Analysis of Parallel Queues Models to the NGN SCEs -- A First Step Towards Stream Reasoning -- Environmental Content Creation and Visualisation in the ‘Future Internet’ -- Having Services “YourWay!”: Towards User-Centric Composition of Mobile Services -- Beyond Usability: A New Frontier for User-Centered Design of “Future Internet” Services -- Unlock Your Data: The Case of MyTag -- A Framework for Selecting Trusted Semantic Web Services -- Future Internet Collaboration Workflow -- Towards an Ontological Foundation for Services Science -- Challenges and Opportunities for More Meaningful and Sustainable Internet Systems.
|
| 520 |
|
|
|a This book constitutes the thorouhly refereed post-conference proceedings of the First Future Internet Symposium, FIS 2008, held in Vienna, Austria, in September 2008. The 10 revised full papers presented together with 4 invited papers were carefully reviewed and selected from numerous submissions. The papers address novel ideas and current research results related to the future internet infrastructure, user-generated content, content visualization, usability, trust and security, collaborative workflows, the internet of services and service science.
|
| 650 |
|
0 |
|a Computer science.
|
| 650 |
|
0 |
|a Computer communication systems.
|
| 650 |
|
0 |
|a Computer programming.
|
| 650 |
|
0 |
|a Information storage and retrieval.
|
| 650 |
|
0 |
|a Multimedia information systems.
|
| 650 |
|
0 |
|a Management information systems.
|
| 650 |
1 |
4 |
|a Computer Science.
|
| 650 |
2 |
4 |
|a Programming Techniques.
|
| 650 |
2 |
4 |
|a Computer Communication Networks.
|
| 650 |
2 |
4 |
|a Information Systems Applications (incl. Internet).
|
| 650 |
2 |
4 |
|a Management of Computing and Information Systems.
|
| 650 |
2 |
4 |
|a Multimedia Information Systems.
|
| 650 |
2 |
4 |
|a Information Storage and Retrieval.
|
| 700 |
1 |
|
|a Domingue, John.
|e editor.
|
| 700 |
1 |
|
|a Fensel, Dieter.
|e editor.
|
| 700 |
1 |
|
|a Traverso, Paolo.
|e editor.
|
| 710 |
2 |
|
|a SpringerLink (Online service)
|
| 773 |
0 |
|
|t Springer eBooks
|
| 776 |
0 |
8 |
|i Printed edition:
|z 9783642009846
|
| 830 |
|
0 |
|a Lecture Notes in Computer Science,
|x 0302-9743 ;
|v 5468
|
| 856 |
4 |
0 |
|u http://dx.doi.org/10.1007/978-3-642-00985-3
|z Full Text via HEAL-Link
|
| 912 |
|
|
|a ZDB-2-SCS
|
| 912 |
|
|
|a ZDB-2-LNC
|
| 950 |
|
|
|a Computer Science (Springer-11645)
|